书目信息 |
| 题名: |
中国戏剧研究
|
|
| 作者: | 朱金健 , 巴斯 著 ;李海萌 , 徐晴岚 , 蒲实 译 | |
| 分册: | ||
| 出版信息: | 北京 人民日报出版社 2015 |
|
| 页数: | 179页 | |
| 开本: | 24cm | |
| 丛书名: | 人民日报学术文库 | |
| 单 册: | ||
| 中图分类: | J82 | |
| 科图分类: | ||
| 主题词: | 中国戏剧--Zhong Guo Xi Ju--戏剧研究 | |
| 电子资源: | ||
| ISBN: | 978-7-5115-3241-1 | |
| 000 | 01271nam0 22003131 450 | |
| 001 | 349719 | |
| 005 | 20161010151817.42 | |
| 010 | @a978-7-5115-3241-1@dCNY36.00 | |
| 100 | @a20150724d2015 em y0chiy50 ea | |
| 101 | 1 | @achi@ceng |
| 102 | @aCN@b110000 | |
| 105 | @aa z 000yy | |
| 106 | @ar | |
| 200 | 1 | @a中国戏剧研究@AZhong Guo Xi Ju Yan Jiu@f(法)朱金健(J.A. Graham),(美)巴斯(K. Buss)著@g李海萌,徐晴岚,蒲实译 |
| 210 | @a北京@c人民日报出版社@d2015 | |
| 215 | @a179页@c图@d24cm | |
| 225 | 2 | @a人民日报学术文库@ARen Min Ri Bao Xue Shu Wen Ku |
| 300 | @a湖北省非物质文化遗产研究中心(湖北师范学院)阶段性研究成果 湖北师范学院学术著作出版基金资助 | |
| 330 | @a本书分为两部分。“中国戏谈”包括起源、特征、剧院、中国戏剧的双重作用、演员、乐队和音乐、表演等内容;“中国戏剧研究”包括中国戏剧的起源、戏剧的分类、戏剧文学、角色的类型和特点、演员、音乐等内容。 | |
| 461 | 0 | @12001 @a人民日报学术文库 |
| 606 | 0 | @a中国戏剧@AZhong Guo Xi Ju@x戏剧研究 |
| 690 | @aJ82@v5 | |
| 701 | 0 | @c(法)@a朱金健@AZhu Jin Jian@c(Graham, J. A.)@4著 |
| 701 | 0 | @c(美)@a巴斯@ABa Si@c(Buss, K.)@4著 |
| 702 | 0 | @a李海萌@ALi Hai Meng@4译 |
| 702 | 0 | @a徐晴岚@AXu Qing Lan@4译 |
| 702 | 0 | @a蒲实@APu Shi@4译 |
| 801 | 0 | @aCN@bTANGWEI@20160730 |
| 905 | @b0886420-4@dJ82@e131@f5 | |
| 中国戏剧研究/(法)朱金健(J.A. Graham),(美)巴斯(K. Buss)著/李海萌,徐晴岚,蒲实译 .-北京:人民日报出版社,2015 |
| 179页:图;24cm.-(人民日报学术文库) |
| 湖北省非物质文化遗产研究中心(湖北师范学院)阶段性研究成果 湖北师范学院学术著作出版基金资助 |
| ISBN 978-7-5115-3241-1:CNY36.00 |
| 本书分为两部分。“中国戏谈”包括起源、特征、剧院、中国戏剧的双重作用、演员、乐队和音乐、表演等内容;“中国戏剧研究”包括中国戏剧的起源、戏剧的分类、戏剧文学、角色的类型和特点、演员、音乐等内容。 |
| ● |
| 相关链接 |
|
|
|
|
正题名:中国戏剧研究
索取号:J82/131
 
预约/预借
| 序号 | 登录号 | 条形码 | 馆藏地/架位号 | 状态 | 备注 |
| 1 | 0886420 | 208864200 | 第一样本阅览室/ [索取号:J82/131] | 在馆 | |
| 2 | 0886421 | 208864219 | 第一借阅区/ [索取号:J82/131] | 在馆 | |
| 3 | 0886422 | 208864228 | 第一借阅区/ [索取号:J82/131] | 在馆 | |
| 4 | 0886423 | 208864237 | 第一借阅区/ [索取号:J82/131] | 在馆 | |
| 5 | 0886424 | 208864246 | 第一借阅区/ [索取号:J82/131] | 在馆 |